000 00904nam a22003137a 4500
001 BR7301761
003 BR-BrBNA
005 20230928083907.0
007 ta
008 230509b bl.||||| |||| 00| 0 por d
040 _aBR-BrBNA
_bpor
_cBiblioteca Nacional de Agricultura
041 _a(Por)
072 _aE70
_b0150
_b0210
_b1410
_b9700
_b9410
_b/G514
090 _ 0150 BR7301761
100 1 _aSobral, G.
110 1 _aEscola Superior de Agricultura Luiz de Queiroz, Piracicaba, SP (Brasil)
_0Tese (Mestrado)
245 1 _aDemanda de alimentos no Brasil; arroz, batatinha; feijao, carne e leite, periodo de 1950-70
260 3 _aPiracicaba, SP (Brasil):
_c1973.
300 _a133 p.
650 _aARROZ
650 _aBATATA
650 _aFEIJAO
650 _aCONSUMO
650 _aDEMANDA
650 _aCARNE
650 _aLEITE
909 _a202309
_bLucia
_c55
_dLucia Elande
942 _cBK
999 _c15715
_d15715